| 000 | 00517nam a2200169 a 4500 | ||
|---|---|---|---|
| 005 | 20140412111306.0 | ||
| 008 | 010430s19uu xx 00 eng d | ||
| 020 | _a0-14-054654-5 | ||
| 050 |
_aTR(PS E _bJi56 1984 |
||
| 100 | _aNoble, Trinka Hakes | ||
| 245 |
_aJimmy's boa bounces back / _cTrinika Hakes Noble; pictures by Steven Kellogg. |
||
| 260 |
_aNew York : _bDial Books for Young Readers, _c1984. |
||
| 300 | _a1v. (unp.); ill. | ||
| 650 | _aChildren's stories | ||
| 650 | _aBoas-Stories | ||
| 999 |
_c103677 _d103677 |
||